| 000 | 00343nam a2200133Ia 4500 | ||
|---|---|---|---|
| 005 | 20260328104253.0 | ||
| 008 | 260328s9999||||xx |||||||||||||| ||und|| | ||
| 100 | _aDrexler, Arthur | ||
| 245 | 4 |
_aThe Drawings of Frank Lloyd Wright / _cArthur Drexler |
|
| 260 | _bHorizon | ||
| 300 | _a320 p. | ||
| 650 | _aDIBUJO ARQUITECTÓNICO | ||
| 942 | _cBK | ||
| 999 |
_c10319 _d10319 |
||